| 000 | 00000nam##2200000za#4500 |
| 001 | 9.671094 |
| 003 | CaOODSP |
| 005 | 20240314152355 |
| 007 | ta |
| 008 | 150407|2009||||xxc||||| f|0| 0 fre|d |
| 020 | |a978-0-662-06624-8 |
| 040 | |aCaOODSP|bfre |
| 041 | |aeng |
| 041 | |afre |
| 043 | |an-cn--- |
| 086 | 1 |aPS4-71/2009 |
| 110 | 1 |aCanada. |bSécurité publique Canada. |
| 245 | 10|aPréparation d'urgence pour les animaux de ferme, le bétail et la volaille |
| 260 | |bSécurité publique Canada |cc2009. |
| 300 | |aTexte français, 8p. ; |c22 cm. |
| 563 | |aDépliant |
| 590 | |a09-16|b2009-04-17 |
| 691 | 07|aProtection civile|2gcpds |
| 776 | 0#|tPréparation d'urgence pour les animaux de ferme, le bétail et la volaille |w(CaOODSP)9.636285 |
| 776 | 0#|tEmergency preparedness for farm animals, livestock, and poultry |w(CaOODSP)9.692005 |
| 791 | |tEmergency preparedness for farm animals, livestock, and poultry |eeng|w(CaOODSP)9.671093 |